| LEADER 00000nam 2200000uu 4500 |
| 001 214084 |
| 003 ULIBM |
| 008 240331s||||||||th 000 0 tha d |
| 020 ^a9786166084542
|
| 041 ^atha^beng
|
| 060 04 ^aWY160^bว633ก 2567
|
| 100 0 ^aวินีกาญจน์ คงสุวรรณ
|
| 245 10 ^aการพยาบาลจิตเวช : ภาวะวิกฤตสุขภาพจิตและจิตเวชฉุกเฉิน =^bPsychiatric nursing : Mental health crisis & psychiatricemergency /^cวินีกาญจน์ คงสุวรรณ
|
| 246 31 ^aPsychiatric nursing : Mental health crisis & psychiatricemergency
|
| 250 ^aพิมพ์ครั้งที่ 1
|
| 260 ^aสงขลา :^bคณะพยาบาลศาสตร์ มหาวิทยาลัยสงขลานครินทร์,^c2567
|
| 300 ^aก-ฎ, 282 หน้า :^bภาพประกอบ ;^c26 ซม.
|
| 650 4 ^aการพยาบาลจิตเวช
|
| 650 4 ^aการพยาบาลจิตเวชศาสตร์
|
| 650 4 ^aจิตเวชศาสตร์
|
| 650 4 ^aสุขภาพจิต
|
| 710 2 ^aมหาวิทยาลัยสงขลานครินทร์.^bคณะพยาบาลศาสตร์
|
| 999 ^aใช้งานได้ทุกระบบ
|